[Event "Landesjugendeinzelmeisterschaft M-V u10"]
[Site "Malchow 2024"]
[Date "2024.02.04"]
[Round "3.5"]
[White "Subocz, Emma"]
[Black "Hammerich, Devon"]
[Result "0-1"]
[WhiteElo "925"]
[BlackElo "753"]
[Time "14:30:00"]
[WhiteTeam "SAV Torgelow-DrÃ¶geheide 90"]
[BlackTeam "SC Mecklenburger Springer"]

1.e4 e5 2.Nc3 Nf6 3.f4 exf4 4.d4 Ng4 5.Qxg4 Bb4 6.Bxf4 O-O 7.Bh6 Qf6 8.Bg5 Qxd4
9.Nf3 Bxc3+ 10.Ke2 Qc4+ 11.Kd1 Qe6 12.Qg3 Bxb2 13.Rb1 Qxa2 14.Nd2 g6 15.Qxc7 Nc6
16.Bc4 Qa5 17.Qxa5 Nxa5 18.Rxb2 Nxc4 19.Nxc4 d5 20.exd5 Bg4+ 21.Kd2 f6 22.Bh4
Rfe8 23.Bxf6 Re2+ 24.Kc3 Rxg2 25.Rxb7 Bf5 26.Ne3 Rc8+ 27.Kd4 Rd2+ 28.Ke5 Re8+
29.Kf4 Rf2+ 30.Kg5 Rxe3 31.d6 Ref3 32.Rg1 Rh3 33.d7 Rh5#
0-1

[Event "Landesjugendeinzelmeisterschaft M-V u10"]
[Site "Malchow 2024"]
[Date "2024.02.04"]
[Round "3.6"]
[White "Aslanli, Ayna"]
[Black "Lehmann, Josephine"]
[Result "0-1"]
[WhiteElo "750"]
[BlackElo "801"]
[Time "14:30:00"]
[WhiteTeam "SF Schwerin"]
[BlackTeam "HSG Stralsund"]

1.e4 c5 2.Nf3 d6 3.Bb5+ Nc6 4.d3 g6 5.Bc4 Nf6 6.Ng5 e6 7.Nc3 Bg7 8.O-O O-O 9.Qf3
Nd4 10.Qh3 Nxc2 11.Rb1 Nd4 12.Bd5 exd5 13.Qh4 Bh3 14.Qxh3 a6 15.e5 dxe5 16.f4
Nf5 17.fxe5 Nh5 18.Rf3 Bh6 19.Nxd5 Qxd5 20.Be3 Qxa2 21.Bxc5 Qxb1+ 22.Kf2 Qxb2+
23.Ke1 Qxe5+ 24.Kd2 Qxc5 25.g4 Bxg5+ 26.Ke2 Bf4 27.gxh5 Nd4+ 28.Kf2 Qxh5 29.Qg2
Qxh2
0-1

[Event "Landesjugendeinzelmeisterschaft M-V u12"]
[Site "Malchow 2024"]
[Date "2024.02.04"]
[Round "3.2"]
[White "Tran, Nhat Nam"]
[Black "Subocz, Barbara"]
[Result "1-0"]
[WhiteElo "1471"]
[BlackElo "1093"]
[Time "14:30:00"]
[WhiteTeam "Greifswalder SV"]
[BlackTeam "SAV Torgelow-DrÃ¶geheide 90"]

1.e4 e5 2.Nf3 Nc6 3.Bb5 Nf6 4.Nc3 Bb4 5.d3 d6 6.Bg5 h6 7.Bh4 O-O 8.O-O Be6 9.a3
Bc5 10.Bxc6 bxc6 11.d4 exd4 12.Nxd4 Bd7 13.Nb3 Bb6 14.h3 Qe7 15.Qf3 Qe6 16.Rad1
Rfe8 17.Rfe1 a5 18.Nd4 Bxd4 19.Rxd4 c5 20.Rd2 Bc6 21.Bxf6 Qxf6 22.Qxf6 gxf6
23.Nd5 Bxd5 24.Rxd5 Kh7 25.Kf1 Rab8 26.b3
1-0

[Event "Landesjugendeinzelmeisterschaft M-V u12"]
[Site "Malchow 2024"]
[Date "2024.02.04"]
[Round "3.2"]
[White "Tran, Nhat Nam"]
[Black "Subocz, Barbara"]
[Result "1-0"]
[WhiteElo "1471"]
[BlackElo "1093"]
[Time "14:30:00"]
[WhiteTeam "Greifswalder SV"]
[BlackTeam "SAV Torgelow-DrÃ¶geheide 90"]

1.e4 e5 2.Nf3 Nc6 3.Bb5 Nf6 4.Nc3 Bb4 5.d3 d6 6.Bg5 h6 7.Bh4 O-O 8.O-O Be6 9.a3
Bc5 10.Bxc6 bxc6 11.d4 exd4 12.Nxd4 Bd7 13.Nb3 Bb6 14.h3 Qe7 15.Qf3 Qe6 16.Rad1
Rfe8 17.Rfe1 a5 18.Nd4 Bxd4 19.Rxd4 c5 20.Rd2 Bc6 21.Bxf6 Qxf6 22.Qxf6 gxf6
23.Nd5 Bxd5 24.Rxd5 Kh7 25.Kf1 Rab8 26.b3 Re5 27.f4 Re6 28.Kf2 Rbe8 29.Kf3 c6
30.Rf5 Kg6 31.g4 d5 32.e5 fxe5 33.Rexe5 Rxe5 34.Rxe5 Rxe5 35.fxe5 d4 36.Kf4 f6
37.exf6 Kxf6 38.h4 a4 39.bxa4 c4 40.Ke4 d3 41.cxd3 c3 42.Ke3 Ke5 43.d4+ Kd5
44.Kd3 c2 45.Kxc2 Kxd4 46.a5 Kc5 47.a6 Kb6 48.g5 hxg5 49.hxg5 c5 50.g6 c4 51.g7
Kxa6 52.g8=Q Kb5 53.Qd5+ Ka4 54.Qxc4+ Ka5 55.Qb4+ Ka6 56.Kc3 Ka7 57.Kc4 Ka6
58.Kc5 Ka7 59.Kc6 Ka8 60.Qb7#
1-0

[Event "Landesjugendeinzelmeisterschaft M-V u12"]
[Site "Malchow 2024"]
[Date "2024.02.04"]
[Round "3.3"]
[White "Wetzig, Karl Anton"]
[Black "Hampe, Adrian"]
[Result "1-0"]
[WhiteElo "1121"]
[BlackElo "936"]
[Time "14:30:00"]
[WhiteTeam "SF Schwerin"]
[BlackTeam "Lok Gymnas Pritzwalk"]

1.e4 e5 2.Nf3 Nc6 3.Bc4 Bc5 4.c3 Nf6 5.d4 exd4 6.cxd4 Bb4+ 7.Nc3 Nxe4 8.O-O d6
9.Qe2 Bf5 10.Nxe4 Qe7 11.Ned2 Qxe2 12.Bxe2 Bxd2 13.Bxd2 O-O 14.d5 Ne5 15.Nxe5
dxe5 16.Bb5 Rad8 17.Bb4 Rxd5 18.Bxf8 Kxf8 19.Bc4 Rd4 20.b3 c6 21.Rfe1 e4 22.Re3
b5 23.Bf1 g6 24.Rae1 a5 25.f3 exf3 26.Rxf3 Rd2 27.a3 Bg4 28.Rfe3 Bd7 29.h3 h5
30.Be2 Ra2 31.g4 hxg4 32.hxg4 Rxa3 33.g5 a4 34.Bg4 Bxg4 35.Re8+ Kg7 36.Ra8 Bd7
37.bxa4 bxa4 38.Re7 Be6 39.Raa7 Rg3+ 40.Kf2 Rxg5 41.Rxe6 c5 42.Ree7 Rf5+ 43.Ke3
Kf8 44.Rec7 Kg7 45.Rxa4 Kh6 46.Ra5 Re5+ 47.Kd3 f5 48.Rcxc5 Rxc5 49.Rxc5 Kg5
50.Ke3 Kg4 51.Rc4+ Kg5 52.Kf3 Kh5 53.Kg3 g5 54.Rc8 f4+ 55.Kf3 Kg6 56.Kg4 Kf6
57.Rg8 Ke5 58.Rxg5+ Ke4 59.Rf5 f3 60.Rxf3 Kd4 61.Kf4 Kd5 62.Re3 Kd4 63.Kf3 Kd5
64.Re4 Kc5 65.Ke3 Kd5 66.Kd3 Kc5 67.Rd4 Kb5 68.Rc4
1-0

[Event "Landesjugendeinzelmeisterschaft M-V u12"]
[Site "Malchow 2024"]
[Date "2024.02.04"]
[Round "3.4"]
[White "Lott, Konstantin"]
[Black "KÃ¶nig, Lian"]
[Result "0-1"]
[WhiteElo "975"]
[BlackElo "1019"]
[Time "14:30:00"]
[WhiteTeam "Think Rochade - SC HRO"]
[BlackTeam "SF Schwerin"]

1.e4 e5 2.Nf3 Nc6 3.Bc4 Bc5 4.d3 h6 5.Be3 Bb6 6.Nc3 d6 7.h3 Nf6 8.O-O Be6 9.Bb3
Qd7 10.Qd2 O-O-O 11.Bxe6 fxe6 12.a3 Bxe3 13.Qxe3 a6 14.b4 Kb8 15.Rab1 Na7 16.a4
b6 17.a5 b5 18.Na2 Qc6 19.Rbc1 Nd7 20.c4 Qb7 21.cxb5 Nxb5 22.d4 Rde8 23.dxe5
dxe5 24.Rfd1 Re7 25.Nc3 c6 26.Na4 Rd8 27.Nb6 Qc7 28.Nxd7+ Rexd7 29.Qb6+ Qxb6
30.axb6 Rxd1+ 31.Rxd1 Rxd1+ 32.Kh2 Kb7 33.Nxe5 Kxb6 34.Nd7+ Kc7 35.Nf8 Nd4
36.Ng6 Rb1 37.Kg3 Rxb4 38.Nf4 a5 39.Kh4 Nf5+ 40.Kh5 Rxe4 41.Nd3 Kd6 42.g4 a4
43.gxf5 a3 44.fxe6 a2 45.e7 Kxe7 46.f3 a1=Q 47.fxe4 Qd1+ 48.Kg6 Qxd3
0-1

[Event "Landesjugendeinzelmeisterschaft M-V u12"]
[Site "Malchow 2024"]
[Date "2024.02.04"]
[Round "3.5"]
[White "Vollendorff, Lukas"]
[Black "Zietz, Leni"]
[Result "1-0"]
[WhiteElo "1058"]
[BlackElo "873"]
[Time "14:30:00"]
[WhiteTeam "Think Rochade - SC HRO"]
[BlackTeam "TuS Makkabi Rostock"]

1.d4 d5 2.Nc3 Nc6 3.Bf4 a6 4.Nf3 Nf6 5.a3 Bf5 6.e3 e6 7.Bd3 Bg6 8.h3 Bd6 9.Bg3
O-O 10.O-O Bxg3 11.fxg3 Ne4 12.Qe1 Qd6 13.Bxe4 Bxe4 14.Qe2 Qxg3 15.Nh2 Rae8
16.Rf4 f5 17.Nf1 e5 18.Nxg3 exf4 19.Ngxe4 fxe4 20.Nxd5 f3
1-0

[Event "Landesjugendeinzelmeisterschaft M-V u12"]
[Site "Malchow 2024"]
[Date "2024.02.04"]
[Round "3.5"]
[White "Vollendorff, Lukas"]
[Black "Zietz, Leni"]
[Result "1-0"]
[WhiteElo "1058"]
[BlackElo "873"]
[Time "14:30:00"]
[WhiteTeam "Think Rochade - SC HRO"]
[BlackTeam "TuS Makkabi Rostock"]

1.d4 d5 2.Nc3 Nc6 3.Bf4 a6 4.Nf3 Nf6 5.a3 Bf5 6.e3 e6 7.Bd3 Bg6 8.h3 Bd6 9.Bg3
O-O 10.O-O Bxg3 11.fxg3 Ne4 12.Qe1 Qd6 13.Bxe4 Bxe4 14.Qe2 Qxg3 15.Nh2 Rae8
16.Rf4 f5 17.Nf1 e5 18.Nxg3 exf4 19.Ngxe4 fxe4 20.Nxd5 f3 21.Qc4 Rf7 22.gxf3
exf3 23.Rf1 Ref8 24.Nxc7 Nd8 25.Rxf3 Kh8 26.Rxf7 Rxf7 27.Qd5 h6 28.Qxd8+ Kh7
29.Nd5 Rf5 30.Qh4 Rxd5 31.Qe4+ Kh8 32.Qxd5 Kh7 33.Qf7 Kh8 34.d5 Kh7 35.d6 Kh8
36.d7 Kh7 37.e4 Kh8 38.d8=Q+ Kh7 39.Qf5+
1-0

[Event "Landesjugendeinzelmeisterschaft M-V u12"]
[Site "Malchow 2024"]
[Date "2024.02.04"]
[Round "3.6"]
[White "Khanbekyan, Aram"]
[Black "Martinez, Victor"]
[Result "1-0"]
[WhiteElo "1324"]
[BlackElo "812"]
[Time "14:30:00"]
[WhiteTeam "Greifswalder SV"]
[BlackTeam "Think Rochade - SC HRO"]

1.e4 d5 2.exd5 Qxd5 3.Nc3 Qe5+ 4.Be2 Qg5 5.Bf3 Bg4 6.Bxg4 Nc6 7.d4 Qf6 8.Nf3 e5
9.Bd7+ Kd8 10.Bg5 Qxg5 11.Nxg5 Kxd7 12.Nxf7 exd4 13.Nxh8 Ke8 14.O-O dxc3 15.Re1+
Be7 16.bxc3 Rd8 17.Qh5+ Kd7 18.Rad1+ Kc8 19.Rxd8+ Bxd8 20.Qe8 Nf6 21.Qe6+ Kb8
22.Rb1 Ng4 23.Qxc6 Kc8 24.Qxb7+ Kd7 25.Rd1+ Ke7 26.Qe4+ Kf6 27.Qf4+ Ke6 28.Qf7+
Ke5 29.Rd5+ Ke4 30.Qf5#
1-0

[Event "Landesjugendeinzelmeisterschaft M-V u14"]
[Site "Malchow 2024"]
[Date "2024.02.04"]
[Round "3.1"]
[White "Chandrasekher, Ritu"]
[Black "SchrÃ¶der, Hannes Artur"]
[Result "1-0"]
[WhiteElo "1387"]
[BlackElo "1310"]
[Time "14:30:00"]
[WhiteTeam "TuS Makkabi Rostock"]
[BlackTeam "SG Eintracht Neubrandenburg"]

1.e4 e5 2.Nf3 Nc6 3.d4 exd4 4.Bc4 h6 5.Nxd4 Bc5 6.Nxc6 Qf6 7.O-O Qxc6 8.Bd5 Qf6
9.Nc3 Ne7 10.Be3 Bb6 11.Qd2 O-O 12.f4 d6 13.Rf3 Nxd5 14.Nxd5 Bxe3+ 15.Qxe3 Qxb2
16.Raf1 c5 17.c3 Be6 18.Ne7+ Kh8 19.f5 Bc4 20.f6 Bxf1 21.fxg7+ Kxg7 22.Nf5+ Kf6
23.Qxh6+ Ke5 24.Qf4+ Kf6 25.Qxd6+ Kg5 26.Qh6+ Kg4 27.Qh4#
1-0

[Event "Landesjugendeinzelmeisterschaft M-V u14"]
[Site "Malchow 2024"]
[Date "2024.02.04"]
[Round "3.2"]
[White "Gavrylyuk, Oleksandr"]
[Black "Natsagdorj, Zelme"]
[Result "1/2-1/2"]
[WhiteElo "1390"]
[BlackElo "1404"]
[Time "14:30:00"]
[WhiteTeam "TuS Makkabi Rostock"]
[BlackTeam "SC Mecklenburger Springer"]

1.e4 e5 2.Nf3 Nc6 3.Bb5 a6 4.Ba4 Nf6 5.O-O Be7 6.Re1 b5 7.Bb3 d6 8.h3 O-O 9.c3
Na5 10.Bc2 c5 11.d4 cxd4 12.cxd4 Qc7 13.b3 Bd7 14.Bb2 Nc6 15.a3 Rac8 16.Bd3 Rfe8
17.Nbd2 Bf8 18.Rc1 Qb6 19.d5 Ne7 20.Qe2 Ng6 21.Rxc8 Rxc8 22.Rc1 Nh5 23.Qe3 Qxe3
24.fxe3 Be7 25.Rxc8+ Bxc8 26.Nf1 Bd8 27.Bc1 Bb6 28.Kh2 Nf6 29.Ng3 Ne7 30.Bd2 Bc5
31.b4 Bb6 32.Bc2 Bd7 33.Kg1 Nc8 34.Bd3 Ba7 35.Bc1 g6 36.Kf2 Nb6 37.Nd2
1/2-1/2

[Event "Landesjugendeinzelmeisterschaft M-V u14"]
[Site "Malchow 2024"]
[Date "2024.02.04"]
[Round "3.3"]
[White "Eschrig, Immanuel"]
[Black "Vakeel, Eshwar"]
[Result "1/2-1/2"]
[WhiteElo "1459"]
[BlackElo "1324"]
[Time "14:30:00"]
[WhiteTeam "Greifswalder SV"]
[BlackTeam "SSC Rostock 07"]

1.e4 c6 2.d4 d5 3.e5 c5 4.c3 Nc6 5.h3 Bf5 6.Nf3 e6 7.Bd3 Bxd3 8.Qxd3 cxd4 9.cxd4
Nge7 10.O-O Nf5 11.Nc3 Be7 12.a3 O-O 13.Bd2 a6 14.Rac1 Qb6 15.b4 Ncxd4 16.Nxd4
Qxd4 17.Qxd4 Nxd4 18.f4 Nb3 19.Rc2 Rac8 20.Be1 Nd4 21.Rb2 b5 22.Bf2 Nf5 23.Ne2
Rfd8 24.Rd1 Rc4 25.Rbd2 Bh4 26.g3 Be7 27.g4 Nh6 28.Nd4 f6 29.Nxe6 Rdc8 30.Rxd5
fxe5 31.fxe5 Rc3 32.Rd7 Bf8 33.Rd8 Nf7 34.Rxc8 Rxc8 35.Nxf8 Kxf8 36.Bc5+ Kg8
37.e6 Nd8 38.e7 Nc6 39.Re1 Kf7 40.Rf1+ Ke6 41.Rf8 Nxe7 42.Bxe7 Rc1+ 43.Rf1 Rxf1+
44.Kxf1 Kxe7 45.Ke2 Ke6 46.Ke3 Ke5 47.h4 h6 48.h5 Kf6
1/2-1/2

[Event "Landesjugendeinzelmeisterschaft M-V u14"]
[Site "Malchow 2024"]
[Date "2024.02.04"]
[Round "3.4"]
[White "Stepanjan, Tatevik Mia"]
[Black "Herrmann, Jakob"]
[Result "0-1"]
[WhiteElo "1337"]
[BlackElo "2031"]
[Time "14:30:00"]
[WhiteTeam "ESV 1888 Wittenberge"]
[BlackTeam "SAV Torgelow-DrÃ¶geheide 90"]

1.e4 c6 2.d4 d5 3.exd5 cxd5 4.Bd3 Nc6 5.c3 Nf6 6.Bf4 Bg4 7.f3 Bh5 8.Ne2 e6 9.Nd2
Bd6 10.Bxd6 Qxd6 11.O-O Bg6 12.Bxg6 hxg6 13.f4 Ne7 14.Nf3 Nf5 15.Qd3 O-O 16.Ne5
Ne4 17.b3 Rac8 18.c4 Rfd8 19.Rac1 b6 20.Rfd1 Nf6 21.g3 Qa3 22.Rc2 Rc7 23.cxd5
Rxc2 24.Qxc2 Nxd5 25.Rd2 Qd6 26.Qc6 Qb4 27.Qc2 Nfe3 28.Qd3 Rc8 29.Kf2 Qe7 30.Qa6
Rc7 31.Qd3 g5 32.Nc4 Ng4+ 33.Kg2 b5 34.Ne5 Nge3+ 35.Kf2 a6 36.fxg5 Qxg5 37.Nf3
Qf6 38.Kg1 Qxf3 39.Nf4 Rc1+
0-1

[Event "Landesjugendeinzelmeisterschaft M-V u14"]
[Site "Malchow 2024"]
[Date "2024.02.04"]
[Round "3.5"]
[White "Stier, Edgar"]
[Black "Wrage, Julius"]
[Result "1/2-1/2"]
[WhiteElo "972"]
[BlackElo "1237"]
[Time "14:30:00"]
[WhiteTeam "ESV Waren"]
[BlackTeam "SAV Torgelow-DrÃ¶geheide 90"]

1.e4 c6 2.Nc3 d5 3.Nf3 dxe4 4.Nxe4 Bg4 5.Bc4 e6 6.d3 Nf6 7.O-O Nbd7 8.Nxf6+ Nxf6
9.h3 Bh5 10.Bg5 Be7 11.Bxf6 Bxf6 12.c3 O-O 13.d4 Qd6 14.Qd3 b5 15.Bb3 a5 16.Bc2
Bg6 17.Qd2 Bxc2 18.Qxc2 c5 19.dxc5 Qxc5 20.Rac1 Rac8 21.Nd2 Bg5 22.Nb3 Qb6
23.Rcd1 Rfd8 24.Rxd8+ Rxd8 25.Rd1 a4 26.Rxd8+ Bxd8 27.Nd4 e5 28.Nf3 Qe6 29.Qd3
Qe8 30.Nxe5 Bb6 31.Ng4 Qe1+ 32.Qf1 Qxf1+ 33.Kxf1 Kf8 34.Ke2 Ke7 35.Kd3 Kd6 36.f4
h5 37.Ne5 f6 38.Nf3 Kd5 39.b3 axb3 40.axb3 g6 41.c4+ bxc4+ 42.bxc4+ Kc5 43.g4
hxg4 44.hxg4 Bc7 45.g5 fxg5 46.fxg5 Bf4 47.Nd4 Kd6 48.Nf3 Kc5 49.Ke4 Bxg5
50.Nxg5
1/2-1/2

[Event "Landesjugendeinzelmeisterschaft M-V u14"]
[Site "Malchow 2024"]
[Date "2024.02.04"]
[Round "3.6"]
[White "Wilke, Ronja"]
[Black "Martinez, Gabriel"]
[Result "1-0"]
[WhiteElo "1202"]
[BlackElo "981"]
[Time "14:30:00"]
[WhiteTeam "SAV Torgelow-DrÃ¶geheide 90"]
[BlackTeam "Think Rochade - SC HRO"]

1.e4 e5 2.Nf3 Nc6 3.Bc4 h6 4.d4 d6 5.Bb5 Bd7 6.Nc3 Nf6 7.dxe5 dxe5 8.Bxc6 Bxc6
9.Qe2 Bb4 10.O-O O-O 11.Nxe5 Bxc3 12.Nxc6 bxc6 13.bxc3 Qe7 14.f3 Qc5+ 15.Qe3
Qxe3+ 16.Bxe3 Nd7 17.Rfd1 Nb6 18.Bxb6 axb6 19.Rd7 Rfc8 20.Kf2 Ra3 21.Rd3 b5
22.c4 Ra5 23.cxb5 cxb5 24.Ke3 c5 25.Rb3 c4 26.Rbb1 Rd8 27.Rb4 g5 28.a4 Rb8
1-0

[Event "Landesjugendeinzelmeisterschaft M-V u14"]
[Site "Malchow 2024"]
[Date "2024.02.04"]
[Round "3.6"]
[White "Wilke, Ronja"]
[Black "Martinez, Gabriel"]
[Result "1-0"]
[WhiteElo "1202"]
[BlackElo "981"]
[Time "14:30:00"]
[WhiteTeam "SAV Torgelow-DrÃ¶geheide 90"]
[BlackTeam "Think Rochade - SC HRO"]

1.e4 e5 2.Nf3 Nc6 3.Bc4 h6 4.d4 d6 5.Bb5 Bd7 6.Nc3 Nf6 7.dxe5 dxe5 8.Bxc6 Bxc6
9.Qe2 Bb4 10.O-O O-O 11.Nxe5 Bxc3 12.Nxc6 bxc6 13.bxc3 Qe7 14.f3 Qc5+ 15.Qe3
Qxe3+ 16.Bxe3 Nd7 17.Rfd1 Nb6 18.Bxb6 axb6 19.Rd7 Rfc8 20.Kf2 Ra3 21.Rd3 b5
22.c4 Ra5 23.cxb5 cxb5 24.Ke3 c5 25.Rb3 c4 26.Rbb1 Rd8 27.Rb4 g5 28.a4 Rb8
29.Kd4 Rd8+ 30.Ke3 bxa4 31.Raxa4 Rxa4 32.Rxa4 c3 33.Rd4 Rc8 34.g3 Re8 35.Kd3 Rc8
36.Rc4 Ra8 37.Rxc3 Rd8+ 38.Ke3 Re8 39.Rc7 f5 40.c4 fxe4 41.fxe4 Rf8 42.h3 h5
43.Rc5 g4 44.hxg4 hxg4 45.Rg5+ Kh8 46.Rxg4 Rc8 47.e5 Re8 48.Re4 Rg8 49.Rh4+ Kg7
50.Rg4+ Kf7 51.Rxg8 Kxg8 52.c5 Kf7 53.c6 Ke7 54.g4 Kd8 55.e6 Ke7 56.c7 Kxe6
57.c8=Q+ Kf6 58.Qe8 Kg5 59.Qe5+ Kxg4 60.Ke4 Kh4 61.Kf3 Kh3 62.Qh5#
1-0

[Event "Landesjugendeinzelmeisterschaft M-V u14"]
[Site "Malchow 2024"]
[Date "2024.02.04"]
[Round "3.7"]
[White "Jakobi, Paul Leonhard"]
[Black "Isaiev, Andrii"]
[Result "1-0"]
[WhiteElo "1054"]
[BlackElo "967"]
[Time "14:30:00"]
[WhiteTeam "SF Schwerin"]
[BlackTeam "TuS Makkabi Rostock"]

1.e4 e5 2.Nf3 Nc6 3.Bc4 Bc5 4.c3 d6 5.O-O Be6 6.Bxe6 fxe6 7.a4 a6 8.b4 Ba7 9.Re1
Nf6 10.d3 h6 11.Nbd2 O-O 12.Bb2 Ne7 13.Nf1 Ng6 14.d4 exd4 15.cxd4 c6 16.Qb3 Re8
17.Rad1 Qe7 18.Ng3 Nf4 19.Nf5 Qd7 20.Bc1 Ng6 21.Ng3 Qf7 22.e5 dxe5 23.Nxe5 Nxe5
24.dxe5 Nd5 25.Re2 Rf8 26.Ne4 Rad8 27.Rf1 Bb8 28.Nc5 Ba7 29.Bd2 g5 30.a5 Bxc5
31.bxc5 Nf4 32.Bxf4 gxf4 33.Rb2 Rd5 34.Qc3 f3 35.g3 Rb8 36.Rd2 Qd7 37.Rfd1 Rd8
38.Rxd5 exd5 39.Qxf3 Qe7 40.Qe3 Qg5 41.f4 Qf5 42.Qf3 Kg7 43.Rd3 h5 44.Kg2 Kg6
45.h3 Kf7 46.g4 hxg4 47.hxg4 Qh7 48.Rb3 Ke6 49.f5+ Ke7 50.Rxb7+ Rd7 51.Qb3
1-0

[Event "Landesjugendeinzelmeisterschaft M-V u14"]
[Site "Malchow 2024"]
[Date "2024.02.04"]
[Round "3.8"]
[White "Klatt, Erik Alexander"]
[Black "Asmussen, Henry"]
[Result "0-1"]
[WhiteElo "924"]
[BlackElo "1192"]
[Time "14:30:00"]
[WhiteTeam "SV Empor KÃ¼hlungsborn"]
[BlackTeam "HSG Stralsund"]

1.e4 e5 2.Nf3 Nc6 3.Bc4 Bc5 4.c3 d6 5.d4 Bb6 6.d5 Nce7 7.Bg5 Nf6 8.O-O Nxe4
9.Re1 Bxf2+ 10.Kh1 Bxe1 11.Qxe1 Bf5 12.Qd1 Nf2+
0-1

[Event "Landesjugendeinzelmeisterschaft M-V u14"]
[Site "Malchow 2024"]
[Date "2024.02.04"]
[Round "3.10"]
[White "Zielke, Finn"]
[Black "Lipkowski, Calvin"]
[Result "1-0"]
[WhiteElo "774"]
[BlackElo "791"]
[Time "14:30:00"]
[WhiteTeam "SC Mecklenburger Springer"]
[BlackTeam "SAV Torgelow-DrÃ¶geheide 90"]

1.e4 e5 2.Nf3 Nc6 3.Nc3 Nf6 4.Bb5 Bb4 5.Bxc6 dxc6 6.Nxe5 Qe7 7.d4 Bg4 8.f3 Bh5
9.O-O Bxc3 10.bxc3 Nxe4 11.Qd3 Nf6 12.Bg5 O-O-O 13.Qf5+ Kb8 14.Rfe1 h6 15.Bf4 g6
16.Qd3 Nd5 17.Bg3 f6 18.Nxg6 Bxg6 19.Qxg6 Nxc3 20.Rxe7 Rhg8 21.Bxc7+ Kc8 22.Qf5+
Rd7 23.Qxd7#
1-0

[Event "Landesjugendeinzelmeisterschaft M-V u16"]
[Site "Malchow 2024"]
[Date "2024.02.04"]
[Round "3.1"]
[White "Drechsler, Andor"]
[Black "Brandt, Mattis"]
[Result "1-0"]
[WhiteElo "1494"]
[BlackElo "1315"]
[Time "14:30:00"]
[WhiteTeam "SAV Torgelow-DrÃ¶geheide 90"]
[BlackTeam "Greifswalder SV"]

1.e4 c5 2.Nf3 e6 3.d4 cxd4 4.Nxd4 a6 5.g3 Qc7 6.Bg2 Nf6 7.O-O Be7 8.Nc3 O-O 9.h3
d6 10.Be3 Nbd7 11.a4 Ne5 12.Nde2 Rb8 13.b3 b6 14.Qd2 Bb7 15.f4 Ned7 16.f5 Nc5
17.Bxc5 Qxc5+ 18.Qd4 Qxd4+ 19.Nxd4 Rfc8 20.Nde2 Nd7 21.Rac1 {(=)} 21...Bf6
22.Nd1 Bg5 23.Rb1 Nf6 24.c4 Nxe4 25.Rb2 Bf6 26.Ra2 Nc5 27.fxe6 fxe6 28.Bxb7 Rxb7
29.Rf3 a5 30.Nf4 Bd4+ 31.Kg2 Re8 32.Ne2 Bf6 33.Rd2 Rd7 34.Nf2 e5 35.h4 Kf7
36.Re3 Red8 37.Ne4 Nxe4 38.Rxe4 d5 39.cxd5 Rxd5 40.Rxd5 Rxd5 41.b4 Kg6 42.bxa5
bxa5 43.Kf3 Rd3+ 44.Re3 Rxe3+ 45.Kxe3 Kf5 46.Kf3 e4+ 47.Ke3 Be5 48.h5 Kg4
49.Kxe4 Bxg3 50.Nxg3 Kxg3 51.Kf5 Kh4 52.h6 g5 53.Kf6 g4 54.Kg7 g3 55.Kxh7 g2
56.Kh8 g1=Q 57.h7 Kg5 58.Kg7 Qa7+ 59.Kg8 Kg6
1-0

[Event "Landesjugendeinzelmeisterschaft M-V u16"]
[Site "Malchow 2024"]
[Date "2024.02.04"]
[Round "3.2"]
[White "Stepanjan, Marianne"]
[Black "Asmussen, Johann"]
[Result "1-0"]
[WhiteElo "1678"]
[BlackElo "1208"]
[Time "14:30:00"]
[WhiteTeam "ESV 1888 Wittenberge"]
[BlackTeam "HSG Stralsund"]

1.e4 e5 2.Nf3 Nc6 3.Bb5 Nf6 4.O-O d6 5.Re1 Bd7 6.c3 a6 7.Ba4 b5 8.Bb3 Be7 9.d4
O-O 10.Nbd2 Bg4 11.h3 Bh5 12.d5 Na5 13.Bc2 Qd7 14.Nf1 h6 15.Ng3 Bg6 16.Nh4 Bh7
17.Nhf5 Bd8 18.Qf3 Nc4 19.b3 Nb6 20.Nxh6+ gxh6 21.Bxh6 Re8 22.Bg5 Nfxd5 23.Bxd8
Raxd8 24.Nh5 Kh8 25.exd5 Bxc2 26.Qf6+ Kg8 27.Qg7#
1-0

[Event "Landesjugendeinzelmeisterschaft M-V u16"]
[Site "Malchow 2024"]
[Date "2024.02.04"]
[Round "3.3"]
[White "Troschke, Bennet"]
[Black "Peilert, Maximilian"]
[Result "0-1"]
[WhiteElo "1398"]
[BlackElo "1463"]
[Time "14:30:00"]
[WhiteTeam "Greifswalder SV"]
[BlackTeam "Think Rochade - SC HRO"]

1.e4 c6 2.d4 d5 3.e5 c5 4.c3 Nc6 5.Nf3 Bg4 6.Be3 e6 7.Nbd2 Qb6 8.Qc2 Rc8 9.Qb3
Qxb3 10.axb3 cxd4 11.cxd4 Bb4 12.Bb5 a6 13.Bxc6+ Rxc6 14.O-O Ne7 15.Rfc1 h6
16.Rxc6 Nxc6 17.h3 Bf5 18.Rc1 Kd7 19.Nb1 Bxb1 20.Rxb1 Na5 21.Bd2 Bxd2 22.Nxd2
Rc8 23.Kf1 Rc6 24.Ra1 Rc2 25.Ke1 Rxd2 26.Kxd2 Nxb3+ 27.Kc3 Nxa1 28.b4 Kc6 29.g4
Kb5 30.Kb2 Kxb4 31.Kxa1 Kc3 32.f4 Kxd4
0-1

[Event "Landesjugendeinzelmeisterschaft M-V u16"]
[Site "Malchow 2024"]
[Date "2024.02.04"]
[Round "3.4"]
[White "Briese, Paul"]
[Black "Janssen, Julika"]
[Result "1-0"]
[WhiteElo "1553"]
[BlackElo "1322"]
[Time "14:30:00"]
[WhiteTeam "SAV Torgelow-DrÃ¶geheide 90"]
[BlackTeam "TuS Makkabi Rostock"]

1.e4 c5 2.Nf3 e6 3.d4 cxd4 4.Nxd4 a6 5.Nc3 Qc7 6.Bd3 Be7 7.O-O Nf6 8.a4 d6 9.f4
O-O 10.Kh1 h5 11.Be2 g6 12.f5 e5 13.Nb3 Nc6 14.g4 hxg4 15.Bxg4 Kg7 16.Rg1 Rh8
17.fxg6 fxg6 18.Bxc8 Qxc8 19.Bg5 Qh3 20.Bxf6+ Bxf6 21.Qe2 Rh6 22.Qg2 Rah8
23.Qxh3 Rxh3 24.Rg2 R3h5 25.Rag1 Kf7 26.Rf1 Kg7 27.Nd5 Bg5 28.Kg1 Ne7 29.Nxe7
Bxe7 30.Rgf2 Rf8 31.Rxf8 Bxf8 32.c3 Be7 33.Na5 b6 34.Nc4 b5 35.axb5 axb5 36.Na3
b4 37.cxb4 Bg5 38.Nc4 Bf4 39.Rf2 Rh8 40.b5 Rb8 41.b6 g5 42.Rf1 Kf6 43.Rd1
1-0

[Event "Landesjugendeinzelmeisterschaft M-V u16"]
[Site "Malchow 2024"]
[Date "2024.02.04"]
[Round "3.5"]
[White "Tank, Julian"]
[Black "Vollmer, Willem Maarten"]
[Result "0-1"]
[WhiteElo "1248"]
[BlackElo "1501"]
[Time "14:30:00"]
[WhiteTeam "Think Rochade - SC HRO"]
[BlackTeam "SF Schwerin"]

1.e4 e5 2.Nf3 Nc6 3.Bc4 Bc5 4.O-O Nf6 5.d3 O-O 6.Be3 d6 7.h3 a6 8.a4 h6 9.Bxc5
dxc5 10.Nbd2 Qe7 11.Re1 Be6 12.Bxe6 Qxe6 13.Nc4 Rad8 14.Qe2 Nd4 15.Nxd4 Rxd4
16.Rad1 Rfd8 17.Qf3 b5 18.axb5 axb5 19.Ne3 g6 20.Ng4 Nxg4 21.hxg4 Qd6 22.Rd2 c4
23.Red1 b4 24.c3 Rxd3 25.Rxd3 cxd3 26.cxb4 d2 27.Qc3 Kh7 28.Kf1 {(=)} 28...Qa6+
29.Kg1 Qe2 30.Qf3 Qe1+ 31.Kh2 Kg7 32.g3 Rd4 33.Kg2 Rc4 34.Qd3 Rc1
0-1

[Event "Landesjugendeinzelmeisterschaft M-V u16"]
[Site "Malchow 2024"]
[Date "2024.02.04"]
[Round "3.6"]
[White "WellÃŸow, Lio Keanu"]
[Black "Lantow, Alexander"]
[Result "1/2-1/2"]
[WhiteElo "1131"]
[BlackElo "1216"]
[Time "14:30:00"]
[WhiteTeam "HSG Stralsund"]
[BlackTeam "SSC Rostock 07"]

1.d4 d5 2.c4 e6 3.Nf3 Nf6 4.Nc3 Bb4 5.a3 Bxc3+ 6.bxc3 dxc4 7.Bg5 O-O 8.e3 b5
9.a4 c6 10.Be2 Re8 11.O-O Nbd7 12.Qc2 Bb7 13.Rfd1 Qc7 14.Bxf6 Nxf6 15.Ng5 g6
16.Bf3 Rac8 17.axb5 cxb5 18.Rxa7 Rb8 19.Rb1 Qb6 20.Rxb7 Rxb7 21.Bxb7 Qxb7 22.Qb2
Rb8 23.Nf3 Nd5 24.Ne5 Qc7 25.e4 f6 26.Nxc4 Qxc4 27.exd5 exd5 28.Qb3 Qc6 29.Qb4
Ra8 30.g3 Rb8 31.Re1 Re8 32.Rxe8+ Qxe8 33.Qc5 Qd7 34.Kg2 Kf7 35.f4 h5 36.Kf3
Qg4+ 37.Kf2 Qd7 38.Kf3 Qg4+ 39.Kf2
1/2-1/2

[Event "Landesjugendeinzelmeisterschaft M-V u16"]
[Site "Malchow 2024"]
[Date "2024.02.04"]
[Round "3.7"]
[White "Garde, Edgar Emil"]
[Black "Sens, Gerda"]
[Result "0-1"]
[WhiteElo "1087"]
[BlackElo "1262"]
[Time "14:30:00"]
[WhiteTeam "TuS Makkabi Rostock"]
[BlackTeam "SSC Rostock 07"]

1.Nf3 d5 2.g3 Nc6 3.Bg2 Nf6 4.d3 e5 5.O-O Bf5 6.b3 Qd7 7.Bg5 Bh3 8.d4 e4 9.Ne5
Nxe5 10.dxe5 Bxg2 11.Kxg2 Ng4 12.f3 exf3+ 13.exf3 Nh6 14.Qd3 Be7 15.Bxe7 Kxe7
16.Nc3 Rad8 17.Rad1 c6 18.Ne2 Rhe8 19.h3 Kf8 20.g4 Rxe5 21.Rfe1 Kg8 22.f4 Re7
23.Ng3 Rde8 24.Rxe7 Rxe7 25.c4 f6 26.cxd5 c5 27.Qc4 Qd6 28.g5 fxg5 29.fxg5 Nf7
30.Kf1 Qxg3 31.d6 Qf3+ 32.Kg1 Qxd1+
0-1

[Event "Landesjugendeinzelmeisterschaft M-V u16"]
[Site "Malchow 2024"]
[Date "2024.02.04"]
[Round "3.8"]
[White "Hampe, Florian"]
[Black "KÃ¶nig, Luca"]
[Result "1-0"]
[WhiteElo "1220"]
[BlackElo "936"]
[Time "14:30:00"]
[WhiteTeam "Lok Gymnas Pritzwalk"]
[BlackTeam "Think Rochade - SC HRO"]

1.d4 Nf6 2.c4 g6 3.Nc3 Bg7 4.e4 d6 5.Nf3 O-O 6.Bg5 h6 7.Bf4 c5 8.d5 Na6 9.Be2
Ne8 10.Qd2 g5 11.Bg3 f5 12.h3 f4 13.Bh2 e5 14.O-O-O Rb8 15.Ne1 Nac7 16.g3 a6
17.gxf4 gxf4 18.Ng2 b5 19.Nb1 b4 20.b3 a5 21.Qd3 Na6 22.Kd2 Bd7 23.Bg4 Bxg4
24.hxg4 f3 25.Ne3 h5 26.gxh5 Bh6 27.Rdg1+ Kh7 28.Ke1 Ng7 29.Bg3 Qe8 30.Nd2 Qf7
31.Ng4 Nxh5 32.Nxh6 Kxh6 33.Nf1 Nc7 {(=)} 34.Ne3 Ne8 35.Nf5+ Kh7 36.Qxf3
1-0